| 000 | 00836cam a2200229 4500 | ||
|---|---|---|---|
| 001 | ABS62016 | ||
| 008 | 000000n2000 000 0 eng u | ||
| 035 | _a(Sirsi) u105063 | ||
| 100 | _aBingham, T. | ||
| 245 | _aDon't forget to write | ||
| 260 | _c2000 | ||
| 490 |
_aBuilding _v265(8129) 24 March 2000, 59(1) |
||
| 520 | _aDiscusses whether or not the Construction Act 1996 applies if there is only an oral agreement. | ||
| 590 | _aABS | ||
| 650 | _aHOUSING GRANTS, CONSTRUCTION AND REGENERATION ACT 1996 | ||
| 650 |
_aDISPUTE RESOLUTION _96236 |
||
| 650 | _aMANAGEMENT-DISPUTE AVOIDANCE, MANAGEMENT AND RESOLUTION-DISPUTE MANAGEMENT AND RESOLUTION-ALTERNATIVE DISPUTE RESOLUTION-ADJUDICATION | ||
| 650 | _aORAL AGREEMENT | ||
| 650 | _aORAL CONTRACTS | ||
| 690 | _aBUILT ENVIRONMENT-BUILDING CONTRACT FORMS | ||
| 942 | _n0 | ||
| 999 |
_c63010 _d63010 |
||